Biggest cities in the Region of Central Denmark - Statistics

General Stats
  • This quiz has been taken 11 times
  • The average score is 12 of 15
Answers on the Map
Answers color-coded by a green-red scale on the quiz's map according to % correct below.
 
Answer Stats
Population City % Correct
285,273 Aarhus
100%
50,565 Herning
89%
36,489 Holstebro
89%
61,074 Horsens
89%
15,979 Ikast
89%
62,802 Randers
89%
49,747 Silkeborg
89%
19,963 Skanderborg
89%
20,190 Skive
89%
41,239 Viborg
89%
14,176 Grenaa
78%
12,454 Odder
67%
10,129 Struer
67%
10,273 Lystrup
56%
12,220 Hedensted
44%
No matching quizzes found
Score Distribution
Percent of People with Each Score
Percentile by Number Answered
Your Score History
You have not taken this quiz